000 00616nam a2200193 a 4500
001 000026133
005 20240517200444.0
008 101013s1960 xxu 000 | spa d
040 _aDO-SdBNP
_bspa
_cBNPHU
082 _a230
_bP398c
100 1 _aPendleton, J.M.,
_953101
245 1 0 _aCompendio de teologia cristiana /
_cJ.M. Pendleton ; traducido al castellano por Alejandro Treviño.
260 _aEl Paso, Texas :
_bCasa Bautista de Publicaciones,
_c1960.
300 _a413 p. ;
_c19 cm.
500 _aIncluye índice alfabético
650 0 _aTeología
_92174
650 0 _aCristianismo
_9885
049 _aBNPD
999 _c25625
_d25625